000 01098nam0a22002651 4500
001 rc\527940
005 20250621121407.0
035 _a(NLR Aleph) 005766257
090 _a4988918
_c4988918
100 _a20030616d1988 |||y0rusy50 ca
101 0 _arus
102 _aRU
105 _aa |||||||||
200 1 _aСвойства теплового излучения материалов в конденсированном состоянии
_fН.А. Рубцов, Е.И. Аверков, А.А. Емельянов
_gОтв. ред. П.Ф. Жуков
_gАН СССР, Сиб. отд-ние, Ин-т теплофизики
210 _aНовосибирск
_cИТФ
_d1988
215 _a349 с.
_cил.
_d20
320 _aБиблиогр.: с. 308-345
700 1 _aРубцов
_bН.А.
_gНиколай Александрович
701 1 _aАверков
_bЕ.И.
_gЕвгений Иванович
701 1 _aЕмельянов
_bА.А.
_gАлексей Алексеевич
801 0 _aRU
_bNLR
_gpsbo
801 1 _aRU
_bELAR
_2rusmarc
852 _aNLR
_j89-3/8191
942 _cBOOK
980 _aNB